00512nam a2200157Ia 450000500170000000800410001708200130005810000130007124500640008426000320014830000130018050000420019394200060023595200980024199900150033920250316135037.0240331s9999 xx 000 0 und d bKUMa894 aKumari,K 0aChinthanaipannaiyil parathithasan :baijarkalin peruraikal  aChennaibNeru achagamc1991 a248 p ., aA Book about bharathi thasan padalgal cL 001040708LaWERCLbWERCLcSSCd2024-03-31l0o 894.811 KUMp821r2024-03-31w2024-03-31yL c3962d3962